[Event "DVM U14 2022"]
[Site "Kelheim GER"]
[Date "2022.12.29"]
[Round "6"]
[White "Marinin, Georgii"]
[Black "Berresheim, Nils"]
[Result "0-1"]
[Termination "normal"]
[Board "4.2"]
[WhiteElo "1425"]
[BlackElo "1755"]
[WhiteClock "00:10:45"]
[BlackClock "00:33:35"]
[WhiteTeam "SV Stuttgart-Wolfbusch 1956 e.V."]
[BlackTeam "Schachfreunde Essen-Katernberg 04/32 e. V."]
[PlyCount "64"]
[WhiteFideId "34617140"]
[BlackFideId "16246306"]
[EventCountry "GER"]
[EventRounds "7"]
[EventType "team-swiss"]
[EventDate "2022.12.26"]

1. e4 {[%clk 01:30:58]} c5 {[%clk 01:30:37]} {[%emt 00:00:24]} 2. Nf3 {[%clk
01:31:21]} {[%emt 00:00:07]} d6 {[%clk 01:30:52]} {[%emt 00:00:15]} 3. d4
{[%clk 01:31:45]} {[%emt 00:00:06]} cxd4 {[%clk 01:31:06]} {[%emt 00:00:17]} 4.
Nxd4 {[%clk 01:32:08]} {[%emt 00:00:06]} Nf6 {[%clk 01:31:26]} {[%emt
00:00:09]} 5. Nc3 {[%clk 01:32:34]} {[%emt 00:00:05]} a6 {[%clk 01:31:47]}
{[%emt 00:00:09]} 6. f3 {[%clk 01:32:56]} {[%emt 00:00:08]} e6 {[%clk
01:31:57]} {[%emt 00:00:20]} 7. Be3 {[%clk 01:32:52]} {[%emt 00:00:34]} b5
{[%clk 01:31:12]} {[%emt 00:01:15]} 8. Qd2 {[%clk 01:33:01]} {[%emt 00:00:21]}
Bb7 {[%clk 01:31:01]} {[%emt 00:00:41]} 9. O-O-O {[%clk 01:32:54]} {[%emt
00:00:37]} Nbd7 {[%clk 01:30:47]} {[%emt 00:00:43]} 10. Kb1 {[%clk 01:29:48]}
{[%emt 00:03:37]} Be7 {[%clk 01:30:03]} {[%emt 00:01:13]} 11. g4 {[%clk
01:30:10]} {[%emt 00:00:09]} Nb6 {[%clk 01:29:02]} {[%emt 00:01:31]} 12. g5
{[%clk 01:27:05]} {[%emt 00:03:35]} Nfd7 {[%clk 01:29:00]} {[%emt 00:00:31]}
13. h4 {[%clk 01:27:10]} {[%emt 00:00:26]} b4 {[%clk 01:25:50]} {[%emt
00:03:40]} 14. Nce2 {[%clk 01:25:44]} {[%emt 00:01:57]} Nc4 {[%clk 01:24:02]}
{[%emt 00:02:16]} 15. Qc1 {[%clk 01:26:04]} {[%emt 00:00:10]} Nxe3 {[%clk
01:23:47]} {[%emt 00:00:46]} 16. Qxe3 {[%clk 01:26:30]} {[%emt 00:00:04]} d5
{[%clk 01:22:59]} {[%emt 00:01:17]} 17. Ng3 {[%clk 01:05:42]} {[%emt 00:21:18]}
Qc7 {[%clk 01:20:05]} {[%emt 00:03:23]} 18. Rh3 {[%clk 00:48:00]} {[%emt
00:18:14]} Rc8 {[%clk 01:18:18]} {[%emt 00:02:16]} 19. Qd2 {[%clk 00:47:03]}
{[%emt 00:01:28]} Bd6 {[%clk 01:12:03]} {[%emt 00:06:44]} 20. Nh1 {[%clk
00:45:07]} {[%emt 00:02:27]} Nb6 {[%clk 01:10:25]} {[%emt 00:02:06]} 21. Nf2
{[%clk 00:43:46]} {[%emt 00:01:52]} Bc5 {[%clk 01:03:21]} {[%emt 00:07:34]} 22.
Nb3 {[%clk 00:40:39]} {[%emt 00:03:37]} Be7 {[%clk 00:58:51]} {[%emt 00:05:01]}
23. Bd3 {[%clk 00:32:24]} {[%emt 00:08:45]} Nc4 {[%clk 00:55:40]} {[%emt
00:03:41]} 24. Qe2 {[%clk 00:24:58]} {[%emt 00:07:56]} a5 {[%clk 00:51:43]}
{[%emt 00:04:28]} 25. Bxc4 {[%clk 00:20:25]} {[%emt 00:05:02]} dxc4 {[%clk
00:50:30]} {[%emt 00:01:42]} 26. Nc1 {[%clk 00:20:25]} {[%emt 00:00:31]} O-O
{[%clk 00:48:03]} {[%emt 00:02:57]} 27. Rg1 {[%clk 00:18:44]} {[%emt 00:02:11]}
a4 {[%clk 00:45:01]} {[%emt 00:03:33]} 28. h5 {[%clk 00:18:12]} {[%emt
00:01:01]} a3 {[%clk 00:43:15]} {[%emt 00:02:16]} 29. b3 {[%clk 00:13:44]}
{[%emt 00:04:58]} Qe5 {[%clk 00:40:49]} {[%emt 00:02:55]} 30. Nd1 {[%clk
00:12:52]} {[%emt 00:01:22]} Rfd8 {[%clk 00:39:02]} {[%emt 00:02:17]} 31. c3
{[%clk 00:11:32]} {[%emt 00:01:51]} bxc3 {[%clk 00:34:52]} {[%emt 00:04:39]}
32. bxc4 {[%clk 00:10:45]} {[%emt 00:01:17]} Rd2 {[%clk 00:33:35]} {[%emt
00:01:48]} 0-1

[Event "DVM U14 2022"]
[Site "Kelheim GER"]
[Date "2022.12.29"]
[Round "6"]
[White "Klaus, Daniel"]
[Black "Friedrich, Timofej"]
[Result "1/2-1/2"]
[Termination "normal"]
[Board "4.3"]
[WhiteElo "1193"]
[BlackElo "1461"]
[WhiteClock "00:02:49"]
[BlackClock "00:21:59"]
[WhiteTeam "Schachfreunde Essen-Katernberg 04/32 e. V."]
[BlackTeam "SV Stuttgart-Wolfbusch 1956 e.V."]
[PlyCount "117"]
[WhiteFideId "16286286"]
[BlackFideId "34617191"]
[EventCountry "GER"]
[EventRounds "7"]
[EventType "team-swiss"]
[EventDate "2022.12.26"]

1. e4 {[%clk 01:30:59]} c6 {[%clk 01:30:52]} {[%emt 00:00:08]} 2. d4 {[%clk
01:31:24]} {[%emt 00:00:05]} d5 {[%clk 01:31:17]} {[%emt 00:00:05]} 3. Nd2
{[%clk 01:31:52]} {[%emt 00:00:02]} dxe4 {[%clk 01:31:29]} {[%emt 00:00:17]} 4.
Nxe4 {[%clk 01:32:17]} {[%emt 00:00:04]} Nf6 {[%clk 01:31:46]} {[%emt
00:00:13]} 5. Nxf6 {[%clk 01:32:37]} {[%emt 00:00:10]} exf6 {[%clk 01:32:04]}
{[%emt 00:00:13]} 6. c3 {[%clk 01:31:32]} {[%emt 00:01:34]} g6 {[%clk
01:31:56]} {[%emt 00:00:39]} 7. Bd3 {[%clk 01:31:00]} {[%emt 00:01:01]} Bg7
{[%clk 01:31:31]} {[%emt 00:00:55]} 8. Ne2 {[%clk 01:31:00]} {[%emt 00:00:31]}
O-O {[%clk 01:31:20]} {[%emt 00:00:41]} 9. Bf4 {[%clk 01:30:18]} {[%emt
00:01:10]} Be6 {[%clk 01:29:15]} {[%emt 00:02:36]} 10. O-O {[%clk 01:30:03]}
{[%emt 00:00:44]} Nd7 {[%clk 01:27:48]} {[%emt 00:01:59]} 11. Ng3 {[%clk
01:27:14]} {[%emt 00:03:19]} f5 {[%clk 01:25:47]} {[%emt 00:02:31]} 12. Qc2
{[%clk 01:18:13]} {[%emt 00:09:29]} Nb6 {[%clk 01:20:44]} {[%emt 00:05:35]} 13.
Rad1 {[%clk 01:12:58]} {[%emt 00:05:44]} Bc4 {[%clk 01:15:57]} {[%emt
00:05:18]} 14. Rfe1 {[%clk 01:09:40]} {[%emt 00:03:48]} Bxd3 {[%clk 01:12:33]}
{[%emt 00:03:53]} 15. Qxd3 {[%clk 01:09:38]} {[%emt 00:00:31]} Nd5 {[%clk
01:11:36]} {[%emt 00:01:29]} 16. Bc1 {[%clk 01:07:56]} {[%emt 00:02:11]} b5
{[%clk 01:06:36]} {[%emt 00:05:30]} 17. b3 {[%clk 01:02:43]} {[%emt 00:05:43]}
Qd7 {[%clk 00:52:15]} {[%emt 00:14:51]} 18. c4 {[%clk 00:57:40]} {[%emt
00:05:33]} bxc4 {[%clk 00:49:59]} {[%emt 00:02:46]} 19. bxc4 {[%clk 00:55:52]}
{[%emt 00:02:17]} Nc7 {[%clk 00:49:52]} {[%emt 00:00:38]} 20. d5 {[%clk
00:38:46]} {[%emt 00:17:34]} cxd5 {[%clk 00:46:37]} {[%emt 00:03:47]} 21. cxd5
{[%clk 00:38:02]} {[%emt 00:01:13]} Rfd8 {[%clk 00:46:22]} {[%emt 00:00:46]}
22. d6 {[%clk 00:37:53]} {[%emt 00:00:39]} Ne8 {[%clk 00:46:05]} {[%emt
00:00:47]} 23. Bg5 {[%clk 00:34:53]} {[%emt 00:03:29]} f6 {[%clk 00:37:57]}
{[%emt 00:08:38]} 24. Qb3 {[%clk 00:28:20]} {[%emt 00:07:04]} Qf7 {[%clk
00:36:08]} {[%emt 00:02:20]} 25. Qxf7 {[%clk 00:17:57]} {[%emt 00:10:52]} Kxf7
{[%clk 00:36:26]} {[%emt 00:00:13]} 26. Re7 {[%clk 00:17:56]} {[%emt 00:00:28]}
Kf8 {[%clk 00:36:35]} {[%emt 00:00:24]} 27. Be3 {[%clk 00:16:46]} {[%emt
00:01:40]} Nxd6 {[%clk 00:36:27]} {[%emt 00:00:37]} 28. Rxa7 {[%clk 00:16:11]}
{[%emt 00:01:06]} Rxa7 {[%clk 00:22:54]} {[%emt 00:14:04]} 29. Bxa7 {[%clk
00:14:46]} {[%emt 00:01:55]} Kf7 {[%clk 00:20:41]} {[%emt 00:02:41]} 30. Bc5
{[%clk 00:14:06]} {[%emt 00:01:10]} Nb7 {[%clk 00:19:15]} {[%emt 00:01:57]} 31.
Rxd8 {[%clk 00:14:07]} {[%emt 00:00:29]} Nxd8 {[%clk 00:19:38]} {[%emt
00:00:07]} 32. Kf1 {[%clk 00:11:24]} {[%emt 00:03:13]} Ke6 {[%clk 00:19:21]}
{[%emt 00:00:45]} 33. Ke2 {[%clk 00:10:25]} {[%emt 00:01:30]} Kd5 {[%clk
00:18:49]} {[%emt 00:01:03]} 34. Ba3 {[%clk 00:06:12]} {[%emt 00:04:43]} Kc4
{[%clk 00:18:34]} {[%emt 00:00:45]} 35. Kd2 {[%clk 00:06:00]} {[%emt 00:00:39]}
Bh6 {[%clk 00:18:40]} {[%emt 00:00:26]} 36. Kc2 {[%clk 00:04:10]} {[%emt
00:02:20]} Nc6 {[%clk 00:18:40]} {[%emt 00:00:31]} 37. Ne2 {[%emt 00:03:29]}
Nb4 {[%clk 00:17:06]} 38. Bxb4 {[%clk 00:03:34]} {[%emt 00:00:11]} Kxb4 {[%clk
00:17:30]} {[%emt 00:00:06]} 39. Kb2 {[%clk 00:03:48]} {[%emt 00:00:15]} Bf8
{[%clk 00:16:57]} {[%emt 00:01:04]} 40. Nc3 {[%clk 00:00:40]} {[%emt 00:03:39]}
Kc4 {[%clk 00:14:05]} {[%emt 00:03:21]} 41. Kc2 {[%clk 00:29:36]} {[%emt
00:01:31]} Bd6 {[%clk 00:38:59]} {[%emt 00:05:39]} 42. g3 {[%clk 00:25:50]}
{[%emt 00:04:16]} h5 {[%clk 00:37:26]} {[%emt 00:02:03]} 43. Ne2 {[%clk
00:24:30]} {[%emt 00:01:47]} g5 {[%clk 00:36:26]} {[%emt 00:01:32]} 44. Kd2
{[%clk 00:15:13]} {[%emt 00:09:48]} Bb4 {[%clk 00:33:57]} {[%emt 00:03:00]} 45.
Ke3 {[%clk 00:14:55]} {[%emt 00:00:47]} Bc5 {[%clk 00:33:16]} {[%emt 00:01:11]}
46. Kf3 {[%clk 00:13:30]} {[%emt 00:01:55]} Kd3 {[%clk 00:32:58]} {[%emt
00:00:49]} 47. Nc1 {[%clk 00:11:08]} {[%emt 00:02:50]} Kc2 {[%clk 00:32:13]}
{[%emt 00:01:17]} 48. Ne2 {[%clk 00:09:52]} {[%emt 00:01:46]} Kd3 {[%clk
00:27:58]} {[%emt 00:04:45]} 49. Nc1 {[%clk 00:09:42]} {[%emt 00:00:39]} Kc2
{[%clk 00:28:18]} {[%emt 00:00:11]} 50. Ne2 {[%clk 00:10:04]} {[%emt 00:00:07]}
Kd2 {[%clk 00:28:32]} {[%emt 00:00:16]} 51. Ng1 {[%clk 00:06:43]} {[%emt
00:03:52]} g4 {[%clk 00:28:18]} {[%emt 00:00:44]} 52. Kg2 {[%clk 00:06:10]}
{[%emt 00:01:03]} Ke1 {[%clk 00:26:53]} {[%emt 00:01:55]} 53. f3 {[%clk
00:02:47]} {[%emt 00:03:53]} Bb6 {[%clk 00:21:52]} {[%emt 00:05:31]} 54. a4
{[%clk 00:02:41]} {[%emt 00:00:38]} Bc7 {[%clk 00:21:46]} {[%emt 00:00:34]} 55.
fxg4 {[%clk 00:02:26]} {[%emt 00:00:44]} fxg4 {[%clk 00:22:06]} {[%emt
00:00:10]} 56. h3 {[%clk 00:02:19]} {[%emt 00:00:37]} Bb6 {[%clk 00:21:17]}
{[%emt 00:01:19]} 57. hxg4 {[%clk 00:02:33]} {[%emt 00:00:15]} hxg4 {[%clk
00:21:36]} {[%emt 00:00:12]} 58. Nf3 {[%clk 00:02:25]} {[%emt 00:00:39]} gxf3
{[%clk 00:21:59]} {[%emt 00:00:07]} 59. Kxf3 {[%clk 00:02:49]} {[%emt
00:00:05]} 1/2-1/2

[Event "DVM U14 2022"]
[Site "Kelheim GER"]
[Date "2022.12.29"]
[Round "6"]
[White "Schimann, Kirill"]
[Black "Lüersen, Lukas"]
[Result "1/2-1/2"]
[Termination "normal"]
[Board "4.4"]
[WhiteElo "1363"]
[BlackElo "1594"]
[WhiteClock "01:23:12"]
[BlackClock "01:11:48"]
[WhiteTeam "SV Stuttgart-Wolfbusch 1956 e.V."]
[BlackTeam "Schachfreunde Essen-Katernberg 04/32 e. V."]
[PlyCount "27"]
[WhiteFideId "16296338"]
[BlackFideId "34628371"]
[EventCountry "GER"]
[EventRounds "7"]
[EventType "team-swiss"]
[EventDate "2022.12.26"]

1. d4 {[%clk 01:30:58]} {[%emt 00:00:01]} Nf6 {[%clk 01:30:53]} {[%emt
00:00:07]} 2. Bf4 {[%clk 01:31:21]} {[%emt 00:00:07]} c5 {[%clk 01:31:19]}
{[%emt 00:00:04]} 3. c3 {[%clk 01:31:35]} {[%emt 00:00:16]} Qb6 {[%clk
01:31:27]} {[%emt 00:00:21]} 4. Qb3 {[%clk 01:31:29]} {[%emt 00:00:36]} e6
{[%clk 01:29:08]} {[%emt 00:02:49]} 5. Nf3 {[%clk 01:31:09]} {[%emt 00:00:51]}
d6 {[%clk 01:25:37]} {[%emt 00:04:01]} 6. e3 {[%clk 01:29:50]} {[%emt
00:01:48]} Be7 {[%clk 01:25:27]} {[%emt 00:00:40]} 7. Nbd2 {[%clk 01:29:04]}
{[%emt 00:01:16]} Nbd7 {[%clk 01:21:40]} {[%emt 00:04:18]} 8. Be2 {[%clk
01:27:26]} {[%emt 00:02:08]} O-O {[%clk 01:21:47]} {[%emt 00:00:23]} 9. O-O
{[%clk 01:27:29]} {[%emt 00:00:25]} h6 {[%clk 01:15:43]} {[%emt 00:06:35]} 10.
Nc4 {[%clk 01:25:46]} {[%emt 00:02:10]} Qc6 {[%clk 01:11:56]} {[%emt 00:04:20]}
11. Na5 {[%clk 01:25:15]} {[%emt 00:01:01]} Qb6 {[%clk 01:11:13]} {[%emt
00:01:13]} 12. Nc4 {[%clk 01:24:25]} {[%emt 00:01:19]} Qc6 {[%clk 01:11:35]}
{[%emt 00:00:10]} 13. Na5 {[%clk 01:23:22]} {[%emt 00:01:33]} Qb6 {[%clk
01:11:48]} {[%emt 00:00:16]} 14. Nc4 {[%clk 01:23:12]} {[%emt 00:00:10]}
1/2-1/2

[Event "DVM U14 2022"]
[Site "Kelheim GER"]
[Date "2022.12.29"]
[Round "6"]
[White "Polzin, Gustav"]
[Black "Krüger, Arthur"]
[Result "1-0"]
[Termination "normal"]
[Board "5.1"]
[WhiteElo "1880"]
[BlackElo "1953"]
[WhiteClock "00:23:27"]
[BlackClock "00:04:00"]
[WhiteTeam "USV Halle"]
[BlackTeam "Hamburger SK von 1830 eV"]
[PlyCount "71"]
[WhiteFideId "34603280"]
[BlackFideId "16244966"]
[EventCountry "GER"]
[EventRounds "7"]
[EventType "team-swiss"]
[EventDate "2022.12.26"]

1. e4 {[%clk 01:30:56]} {[%emt 00:00:04]} e6 {[%clk 01:30:48]} {[%emt
00:00:14]} 2. d4 {[%clk 01:31:21]} {[%emt 00:00:04]} d5 {[%clk 01:31:14]}
{[%emt 00:00:04]} 3. Nd2 {[%clk 01:31:40]} {[%emt 00:00:11]} c5 {[%clk
01:31:38]} {[%emt 00:00:06]} 4. exd5 {[%clk 01:31:57]} {[%emt 00:00:13]} Qxd5
{[%clk 01:32:07]} {[%emt 00:00:03]} 5. Ngf3 {[%clk 01:31:57]} {[%emt 00:00:29]}
cxd4 {[%clk 01:32:29]} {[%emt 00:00:07]} 6. Bc4 {[%clk 01:32:20]} {[%emt
00:00:07]} Qd7 {[%clk 01:32:55]} {[%emt 00:00:04]} 7. O-O {[%clk 01:32:12]}
{[%emt 00:00:38]} Nf6 {[%clk 01:33:14]} {[%emt 00:00:11]} 8. Nb3 {[%clk
01:31:46]} {[%emt 00:00:56]} Nc6 {[%clk 01:33:37]} {[%emt 00:00:06]} 9. Nbxd4
{[%clk 01:31:06]} {[%emt 00:01:11]} Nxd4 {[%clk 01:34:00]} {[%emt 00:00:07]}
10. Nxd4 {[%clk 01:31:19]} {[%emt 00:00:17]} a6 {[%clk 01:34:14]} {[%emt
00:00:15]} 11. Bf4 {[%clk 01:26:33]} {[%emt 00:05:16]} Bc5 {[%clk 01:32:57]}
{[%emt 00:01:46]} 12. Nb3 {[%clk 01:24:09]} {[%emt 00:02:55]} Be7 {[%clk
01:28:56]} {[%emt 00:04:30]} 13. Qf3 {[%clk 01:23:19]} {[%emt 00:01:21]} O-O
{[%clk 01:25:51]} {[%emt 00:03:34]} 14. Rad1 {[%clk 01:18:33]} {[%emt
00:05:17]} Qe8 {[%clk 01:16:52]} {[%emt 00:09:29]} 15. Rfe1 {[%clk 01:07:42]}
{[%emt 00:11:22]} Nd7 {[%clk 01:10:40]} {[%emt 00:06:41]} 16. Bd3 {[%clk
01:05:21]} {[%emt 00:02:51]} Ra7 {[%clk 01:01:54]} {[%emt 00:09:16]} 17. Qh3
{[%clk 00:56:42]} {[%emt 00:09:09]} Nf6 {[%clk 00:57:20]} {[%emt 00:05:04]} 18.
Be5 {[%clk 00:52:29]} {[%emt 00:04:43]} g6 {[%clk 00:53:45]} {[%emt 00:04:05]}
19. Bd4 {[%clk 00:48:13]} {[%emt 00:04:46]} Ra8 {[%clk 00:41:22]} {[%emt
00:12:53]} 20. Qf3 {[%clk 00:47:11]} {[%emt 00:01:32]} Qc6 {[%clk 00:37:24]}
{[%emt 00:04:28]} 21. Qxc6 {[%clk 00:45:08]} {[%emt 00:02:35]} bxc6 {[%clk
00:37:52]} 22. Na5 {[%clk 00:42:44]} {[%emt 00:02:54]} c5 {[%clk 00:29:47]}
{[%emt 00:08:36]} 23. Be5 {[%clk 00:38:37]} {[%emt 00:04:36]} Bd7 {[%clk
00:19:54]} {[%emt 00:10:23]} 24. Be2 {[%clk 00:34:48]} {[%emt 00:04:19]} Ra7
{[%clk 00:18:46]} {[%emt 00:01:38]} 25. Bf3 {[%clk 00:33:45]} {[%emt 00:01:33]}
Kg7 {[%clk 00:12:29]} {[%emt 00:06:47]} 26. Rd2 {[%clk 00:29:28]} {[%emt
00:04:47]} Bd8 {[%clk 00:09:16]} {[%emt 00:03:43]} 27. Nc4 {[%clk 00:28:12]}
{[%emt 00:01:46]} Bb5 {[%clk 00:07:53]} {[%emt 00:01:52]} 28. Ne3 {[%clk
00:26:06]} {[%emt 00:02:37]} h5 {[%clk 00:05:51]} {[%emt 00:02:33]} 29. g4
{[%clk 00:25:18]} {[%emt 00:01:17]} Kh7 {[%clk 00:03:54]} {[%emt 00:02:27]} 30.
Rxd8 {[%clk 00:24:53]} {[%emt 00:00:54]} Rxd8 {[%clk 00:04:23]} {[%emt
00:00:01]} 31. Bxf6 {[%clk 00:25:03]} {[%emt 00:00:21]} Rg8 {[%clk 00:04:23]}
{[%emt 00:00:30]} 32. c4 {[%clk 00:23:55]} {[%emt 00:01:37]} hxg4 {[%clk
00:04:24]} {[%emt 00:00:29]} 33. Nxg4 {[%clk 00:22:30]} {[%emt 00:01:56]} Bxc4
{[%clk 00:04:25]} {[%emt 00:00:29]} 34. Ne5 {[%clk 00:22:50]} {[%emt 00:00:10]}
Bd5 {[%clk 00:03:31]} {[%emt 00:01:24]} 35. Bxd5 {[%clk 00:22:59]} {[%emt
00:00:21]} exd5 {[%clk 00:04:00]} 36. Re3 {[%clk 00:23:27]} {[%emt 00:00:02]}
1-0

[Event "DVM U14 2022"]
[Site "Kelheim GER"]
[Date "2022.12.29"]
[Round "6"]
[White "Dorendorf, Mika"]
[Black "Patzschke, Carlo"]
[Result "0-1"]
[Termination "normal"]
[Board "5.2"]
[WhiteElo "1783"]
[BlackElo "1600"]
[WhiteClock "01:11:37"]
[BlackClock "00:23:15"]
[WhiteTeam "Hamburger SK von 1830 eV"]
[BlackTeam "USV Halle"]
[PlyCount "62"]
[WhiteFideId "16283066"]
[BlackFideId "34617973"]
[EventCountry "GER"]
[EventRounds "7"]
[EventType "team-swiss"]
[EventDate "2022.12.26"]

1. d4 {[%clk 01:30:59]} {[%emt 00:00:04]} Nf6 {[%clk 01:30:54]} {[%emt
00:00:04]} 2. c4 {[%clk 01:31:25]} {[%emt 00:00:07]} g6 {[%clk 01:31:18]}
{[%emt 00:00:03]} 3. Nc3 {[%clk 01:31:52]} {[%emt 00:00:02]} Bg7 {[%clk
01:31:41]} {[%emt 00:00:07]} 4. e4 {[%clk 01:32:20]} {[%emt 00:00:03]} d6
{[%clk 01:32:03]} {[%emt 00:00:08]} 5. Be2 {[%clk 01:32:45]} {[%emt 00:00:04]}
O-O {[%clk 01:31:09]} {[%emt 00:01:24]} 6. h4 {[%clk 01:33:09]} {[%emt
00:00:06]} h5 {[%clk 01:31:32]} {[%emt 00:00:07]} 7. Be3 {[%clk 01:33:35]}
{[%emt 00:00:04]} Nbd7 {[%clk 01:31:21]} {[%emt 00:00:41]} 8. f3 {[%clk
01:33:41]} {[%emt 00:00:24]} c5 {[%clk 01:31:31]} {[%emt 00:00:21]} 9. d5
{[%clk 01:34:05]} {[%emt 00:00:05]} Ne5 {[%clk 01:31:22]} {[%emt 00:00:39]} 10.
a4 {[%clk 01:33:40]} {[%emt 00:00:55]} Qb6 {[%clk 01:28:07]} {[%emt 00:03:44]}
11. Nb5 {[%clk 01:32:59]} {[%emt 00:01:11]} a6 {[%clk 01:25:30]} {[%emt
00:03:08]} 12. a5 {[%clk 01:33:17]} {[%emt 00:00:13]} Qd8 {[%clk 01:25:53]}
{[%emt 00:00:06]} 13. Nc3 {[%clk 01:33:23]} {[%emt 00:00:24]} Bd7 {[%clk
01:26:09]} {[%emt 00:00:14]} 14. Nh3 {[%clk 01:33:15]} {[%emt 00:00:38]} b5
{[%clk 01:18:27]} {[%emt 00:08:12]} 15. axb6 {[%clk 01:30:22]} {[%emt
00:03:23]} Qxb6 {[%clk 01:18:33]} {[%emt 00:00:24]} 16. b3 {[%clk 01:24:57]}
{[%emt 00:05:55]} Rfb8 {[%clk 01:11:28]} {[%emt 00:07:35]} 17. Rb1 {[%clk
01:24:29]} {[%emt 00:00:58]} Ne8 {[%clk 01:08:58]} {[%emt 00:03:00]} 18. b4
{[%clk 01:24:30]} {[%emt 00:00:29]} Nxc4 {[%clk 01:05:24]} {[%emt 00:04:04]}
19. Bxc4 {[%clk 01:23:07]} {[%emt 00:01:53]} Bxc3 {[%clk 01:05:46]} {[%emt
00:00:08]} 20. Kf2 {[%clk 01:23:04]} {[%emt 00:00:33]} Bxb4 {[%clk 01:05:21]}
{[%emt 00:00:55]} 21. g4 {[%clk 01:22:45]} {[%emt 00:00:49]} hxg4 {[%clk
01:02:43]} {[%emt 00:03:08]} 22. fxg4 {[%clk 01:22:36]} {[%emt 00:00:39]} Nf6
{[%clk 01:02:59]} {[%emt 00:00:14]} 23. Ng5 {[%clk 01:15:44]} {[%emt 00:07:22]}
Nxg4 {[%clk 00:59:41]} {[%emt 00:03:48]} 24. Kg3 {[%clk 01:13:20]} {[%emt
00:02:54]} f6 {[%clk 00:44:48]} {[%emt 00:15:23]} 25. h5 {[%clk 01:12:42]}
{[%emt 00:01:08]} fxg5 {[%clk 00:28:23]} {[%emt 00:16:55]} 26. hxg6 {[%clk
01:12:49]} {[%emt 00:00:23]} Be1 {[%clk 00:24:12]} {[%emt 00:04:40]} 27. Qxe1
{[%clk 01:12:47]} {[%emt 00:00:33]} Qxb1 {[%clk 00:24:34]} {[%emt 00:00:08]}
28. Bc1 {[%clk 01:13:10]} {[%emt 00:00:07]} Rb3 {[%clk 00:24:30]} {[%emt
00:00:34]} 29. Kg2 {[%clk 01:12:14]} {[%emt 00:01:26]} Qc2 {[%clk 00:23:36]}
{[%emt 00:01:24]} 30. Bd2 {[%clk 01:12:11]} {[%emt 00:00:32]} Ne3 {[%clk
00:23:00]} {[%emt 00:01:06]} 31. Kf2 {[%clk 01:11:37]} {[%emt 00:01:05]} Rf8
{[%clk 00:23:15]} {[%emt 00:00:15]} 0-1